<?xml version="1.0" encoding="UTF-8"?>
<collection xmlns="http://www.loc.gov/MARC21/slim">
  <record>
    <leader>00000nam  2200000   4500</leader>
    <controlfield tag="001">INLIS000000000016849</controlfield>
    <controlfield tag="005">20240229015600</controlfield>
    <datafield tag="035" ind1="#" ind2="#">
      <subfield code="a">0010-0224000066</subfield>
    </datafield>
    <controlfield tag="007">ta</controlfield>
    <controlfield tag="008">240229################|##########|#|##</controlfield>
    <datafield tag="084" ind1="#" ind2="#">
      <subfield code="a">R 010 LATSAR 2022</subfield>
    </datafield>
    <datafield tag="100" ind1=" " ind2="#">
      <subfield code="a">Jody Martin Ginting</subfield>
    </datafield>
    <datafield tag="245" ind1="1" ind2="#">
      <subfield code="a">Perhitungan Jumlah dan Penempatan Lokasi Alat Pengukur Hujan di Kota Batam /</subfield>
      <subfield code="c">Jody Martin Ginting</subfield>
    </datafield>
    <datafield tag="260" ind1="#" ind2="#">
      <subfield code="a">Jakarta :</subfield>
      <subfield code="b">Pusbangkader,</subfield>
      <subfield code="c">2022</subfield>
    </datafield>
    <datafield tag="650" ind1="#" ind2="4">
      <subfield code="a">Alat Pengukur Hujan</subfield>
    </datafield>
    <datafield tag="520" ind1="#" ind2="#">
      <subfield code="a">Penetapan debit banjir rancangan ditetapkan melalui prosedur analisis hidrologi yang didasarkan pada hasil kajian terhadap data curah hujan dan beberapa sifat fisik DAS yang mempengaruhi proses pengalihragaman hujan menjadi aliran. Supaya besaran hujan benar-benar mewakili kedalaman hujan sebenernya yang terjadi di seluruh DAS, diperlukan stasiun hujan dengan jumlah dan kerapatan tertentu sehingga dapat mewakili besaran hujan di DAS tersebut. Jaringan stasiun hujan harus direncanakan sesuai dengan keperluan kemanfaatan data curah hujan yang ajan dikumpulkan. Di wilayan yang telah berkembang dengan tingkat kepadatan yang tinggi, jumlah alat penakar hujan yang diperlukan juga seharusnya lebih banyak.</subfield>
    </datafield>
    <datafield tag="856" ind1="#" ind2="#">
      <subfield code="a">Perpustakaan LAN Pusat</subfield>
    </datafield>
    <datafield tag="300" ind1="#" ind2="#">
      <subfield code="a">50 halaman ;</subfield>
      <subfield code="c">30 cm</subfield>
    </datafield>
    <datafield tag="990" ind1="#" ind2="#">
      <subfield code="a">23.11.010</subfield>
    </datafield>
  </record>
</collection>
